[Event "Kaluga Tsiolkovsky Memorial op"]
[Site "Kaluga"]
[Date "2014.08.05"]
[Round "4"]
[White "Gureev, Dmitry"]
[Black "Kostin, Sergei Anatolievich"]
[Result "1-0"]
[WhiteElo "2084"]
[BlackElo "2321"]
[PlyCount "54"]
[EventDate "2014.08.02"]
[EventType "swiss"]
[EventRounds "8"]
[EventCountry "RUS"]
[SourceTitle "EXT 2023"]
[Source "ChessBase"]
[SourceDate "2022.10.05"]
[SourceVersion "1"]
[SourceVersionDate "2022.10.05"]
[SourceQuality "1"]

1. Nf3 Nf6 2. c4 g6 3. g3 Bg7 4. Bg2 0-0 5. 0-0 d6 6. Nc3 e5 7. d3 Nbd7 8. Rb1 h6 9. b4 Nh5 10. Nd2 f5 11. Bb2 Nhf6 12. Qc2 Kh8 13. c5 dxc5 14. bxc5 c6 15. Ba3 Qc7 16. Nc4 Ne8 17. e3 Ndf6 18. d4 e4 19. d5 g5 20. Nd6 Nxd5 21. Nxd5 cxd5 22. Nxc8 Rxc8 23. Qb3 Rf7 24. Qxd5 Rd8 25. Qc4 Qd7 26. Rbd1 Qxd1 27. Qxf7 Qd7 1-0

[Event "Kaluga Tsiolkovsky Memorial op"]
[Site "Kaluga"]
[Date "2013.08.04"]
[Round "2"]
[White "Kozionov, Kirill"]
[Black "Gureev, Dmitry"]
[Result "1-0"]
[WhiteElo "2333"]
[BlackElo "2093"]
[PlyCount "149"]
[EventDate "2013.08.03"]
[EventType "swiss"]
[EventRounds "9"]
[EventCountry "RUS"]
[SourceTitle "CBM 156 Extra"]
[Source "ChessBase"]
[SourceDate "2013.10.22"]
[SourceVersion "1"]
[SourceVersionDate "2013.10.22"]
[SourceQuality "1"]

1. e4 d6 2. d4 Nf6 3. Nc3 e5 4. Nf3 Nbd7 5. Bc4 Be7 6. 0-0 0-0 7. Re1 c6 8. a4 a5 9. h3 exd4 10. Qxd4 Nc5 11. Bf4 Ne6 12. Bxe6 fxe6 13. e5 Nd5 14. exd6 Nxf4 15. dxe7 Qxe7 16. Re3 Bd7 17. Ne5 Rad8 18. Rae1 Bc8 19. Qe4 Qg5 20. Rg3 Qf5 21. Nf3 Nd5 22. Qe5 Qxe5 23. Nxe5 Nb4 24. Re2 b6 25. Ne4 Ba6 26. c4 Rd1+ 27. Kh2 Rf5 28. Ng5 Bc8 29. Nef3 Rf6 30. Rg4 e5 31. Rg3 Nd3 32. Nxe5 Nxe5 33. Rxe5 Rxf2 34. Re8+ Rf8 35. Rxf8+ Kxf8 36. Nxh7+ Kf7 37. Ng5+ Kf8 38. Rb3 Ba6 39. Rf3+ Ke8 40. b3 Rb1 41. Ne6 Kd7 42. Nxg7 b5 43. cxb5 cxb5 44. axb5 Bxb5 45. Nf5 Bc6 46. Rd3+ Kc7 47. Nd4 Be4 48. Re3 Bd5 49. Nb5+ Kc6 50. Nc3 Rc1 51. Nxd5 Kxd5 52. h4 Kd4 53. Rg3 Ke4 54. Rg5 Rc3 55. Rxa5 Rxb3 56. h5 Kf4 57. h6 Kg4 58. h7 Rb8 59. Ra3 Rh8 60. Rh3 Kf4 61. Kg1 Kg4 62. Kf2 Kf4 63. Rh4+ Kf5 64. Kf3 Kg5 65. Kg3 Kf5 66. Rh5+ Kg6 67. Kg4 Kf6 68. Rh6+ Kg7 69. Kg5 Kf7 70. Rh1 Kg7 71. Rh3 Kf7 72. Kh6 Ra8 73. Rf3+ Ke6 74. Kg7 Ra7+ 75. Kg8 1-0

[Event "Moscow-ch sf"]
[Site "Moscow"]
[Date "2011.03.26"]
[Round "8"]
[White "Miroshnichenko, Pavel"]
[Black "Gureev, Dmitry"]
[Result "0-1"]
[WhiteElo "2202"]
[BlackElo "2075"]
[PlyCount "112"]
[EventDate "2011.03.13"]
[EventType "swiss"]
[EventRounds "9"]
[EventCountry "RUS"]
[SourceTitle "CBM 141 Extra"]
[Source "ChessBase"]
[SourceDate "2011.05.03"]
[SourceVersion "1"]
[SourceVersionDate "2011.05.03"]
[SourceQuality "1"]

1. e4 c6 2. d4 d5 3. exd5 cxd5 4. Bd3 Nc6 5. c3 Nf6 6. Bf4 Qb6 7. Qb3 e6 8. h3 Bd7 9. Na3 Qxb3 10. axb3 Be7 11. b4 0-0 12. Nf3 a5 13. bxa5 Nxa5 14. Nd2 Rfc8 15. 0-0 Ne8 16. Rfc1 Bd6 17. Bxd6 Nxd6 18. b3 b5 19. b4 Nac4 20. Bxc4 bxc4 21. Rc2 Rc7 22. Rcc1 Rca7 23. Nc2 Nb5 24. Rxa7 Rxa7 25. Ne3 Ra2 26. Nf3 f6 27. Kf1 Be8 28. Ke1 Bg6 29. Nd2 Bd3 30. f4 Kf7 31. g4 g6 32. g5 Ra3 33. Ng4 fxg5 34. fxg5 Rxc3 35. Ne5+ Ke7 36. Rxc3 Nxc3 37. Nxd3 cxd3 38. Nf3 Ne4 39. h4 Kd6 40. Ne5 d2+ 41. Ke2 Kc7 42. Nd3 Kc6 43. Kd1 Kb5 44. Nf4 Kxb4 45. Kc2 Kb5 46. Nxe6 Kc4 47. Nf4 Kxd4 48. Ng2 Ke5 49. Ne3 d4 50. Ng4+ Kf4 51. Nf6 Ke3 52. Nd5+ Ke2 53. Nf4+ Ke1 54. Nd3+ Ke2 55. Nf4+ Kf3 56. Nd5 Nc3 0-1

[Event "Moscow-ch sf"]
[Site "Moscow"]
[Date "2011.03.20"]
[Round "5"]
[White "Gureev, Dmitry"]
[Black "Rozanov, Pavel B"]
[Result "1/2-1/2"]
[WhiteElo "2075"]
[BlackElo "2281"]
[PlyCount "80"]
[EventDate "2011.03.13"]
[EventType "swiss"]
[EventRounds "9"]
[EventCountry "RUS"]
[SourceTitle "CBM 141 Extra"]
[Source "ChessBase"]
[SourceDate "2011.05.03"]
[SourceVersion "1"]
[SourceVersionDate "2011.05.03"]
[SourceQuality "1"]

1. d4 e6 2. e4 d5 3. exd5 exd5 4. Nf3 Bd6 5. c4 Nf6 6. Nc3 dxc4 7. Bxc4 0-0 8. 0-0 h6 9. Qc2 Kh8 10. Ne5 Ng4 11. Bf4 Nc6 12. Rad1 Qf6 13. Nd5 Qf5 14. Qxf5 Bxf5 15. Nxg4 Bxf4 16. Nge3 Bxe3 17. fxe3 Be6 18. Bb3 Rac8 19. Nf4 Bxb3 20. axb3 Rcd8 21. Rc1 Rc8 22. Nd3 Rfe8 23. Rfe1 Re7 24. Nc5 Nb4 25. Rc4 Nd5 26. Nxb7 Nxe3 27. Ra4 c6 28. Nd6 Rcc7 29. Nxf7+ Rxf7 30. Rxe3 Rb7 31. Rc4 Rf6 32. Rec3 Rb6 33. Ra4 Rf7 34. Rac4 Rf6 35. Ra4 Rf7 36. Rac4 Rf6 37. Ra4 Rf7 38. Rac4 Rf6 39. Ra4 Rf7 40. Rac4 Rf6 1/2-1/2

[Event "Moscow op-C"]
[Site "Moscow"]
[Date "2011.02.06"]
[Round "9"]
[White "Piskun, Alexey"]
[Black "Gureev, Dmitry"]
[Result "0-1"]
[WhiteElo "2213"]
[BlackElo "2038"]
[PlyCount "62"]
[EventDate "2011.01.29"]
[EventType "swiss"]
[EventRounds "9"]
[EventCountry "RUS"]
[SourceTitle "EXT 2012"]
[Source "ChessBase"]
[SourceDate "2011.11.24"]
[SourceVersion "1"]
[SourceVersionDate "2011.11.24"]
[SourceQuality "1"]

1. d4 Nf6 2. c4 c5 3. Nf3 cxd4 4. Nxd4 e5 5. Nb5 d5 6. cxd5 Bc5 7. e3 0-0 8. Be2 a6 9. N5c3 e4 10. Nd2 Re8 11. Qc2 Qe7 12. a3 Bf5 13. b4 Bd6 14. Nc4 Nbd7 15. Nxd6 Qxd6 16. Bb2 Rac8 17. Rd1 Ne5 18. Rd4 Nfd7 19. Qd1 Qg6 20. Kf1 Nb6 21. h3 Nbc4 22. Qb3 Nd6 23. a4 Bd7 24. Ba3 b5 25. Bb2 f5 26. axb5 axb5 27. Kg1 f4 28. Kh2 f3 29. Bf1 fxg2 30. Bxg2 Bxh3 31. Rg1 Bxg2 0-1

[Event "Moscow op-C"]
[Site "Moscow"]
[Date "2011.02.02"]
[Round "5"]
[White "Chizhikov, Vladislav"]
[Black "Gureev, Dmitry"]
[Result "1-0"]
[WhiteElo "2225"]
[BlackElo "2038"]
[PlyCount "61"]
[EventDate "2011.01.29"]
[EventType "swiss"]
[EventRounds "9"]
[EventCountry "RUS"]
[SourceTitle "EXT 2012"]
[Source "ChessBase"]
[SourceDate "2011.11.24"]
[SourceVersion "1"]
[SourceVersionDate "2011.11.24"]
[SourceQuality "1"]

1. e4 d6 2. d4 Nf6 3. Nc3 Nbd7 4. Nge2 e5 5. f3 Be7 6. Be3 0-0 7. Qd2 c6 8. g4 exd4 9. Nxd4 Ne5 10. Be2 d5 11. g5 Ne8 12. exd5 cxd5 13. 0-0-0 Nd6 14. Nxd5 Ndc4 15. Nxe7+ Qxe7 16. Qc3 b5 17. Nxb5 Ba6 18. Nd6 Nxe3 19. Qxe3 Bxe2 20. Qxe2 Qxg5+ 21. Kb1 Rab8 22. b3 Ng6 23. Qe4 Qa5 24. h4 Rb4 25. Nc4 Qc7 26. h5 Nf4 27. h6 g6 28. Qe5 Qxe5 29. Nxe5 Rb7 30. Nd7 f5 31. Nxf8 1-0

[Event "Moscow op"]
[Site "Moscow"]
[Date "2011.01.10"]
[Round "7"]
[White "Gureev, Dmitry"]
[Black "Erzhanov, Arman"]
[Result "0-1"]
[WhiteElo "2008"]
[BlackElo "2310"]
[PlyCount "116"]
[EventDate "2011.01.03"]
[EventType "swiss"]
[EventRounds "9"]
[EventCountry "RUS"]
[SourceTitle "CBM 140 Extra"]
[Source "ChessBase"]
[SourceDate "2011.03.01"]
[SourceVersion "1"]
[SourceVersionDate "2011.03.01"]
[SourceQuality "1"]

1. d4 d6 2. Nc3 Nf6 3. Bg5 Nbd7 4. Nf3 e5 5. e3 Be7 6. Be2 0-0 7. 0-0 c6 8. Qd2 Re8 9. dxe5 dxe5 10. Bh4 Qc7 11. Bg3 Nh5 12. Rad1 Nxg3 13. fxg3 Nb6 14. Ne4 Bf5 15. Nfg5 Bg6 16. h4 Rad8 17. Qc3 Nd5 18. Rxd5 Rxd5 19. Bc4 Qd8 20. Bxd5 cxd5 21. Nf2 Bxg5 22. hxg5 Qxg5 23. Rd1 e4 24. Qb3 Rd8 25. Rd4 b5 26. Kh2 a6 27. Nh3 Qh5 28. Kg1 Qe5 29. Nf4 Bf5 30. Rxd5 Rxd5 31. Qxd5 Qxd5 32. Nxd5 Be6 33. Nc7 Bc8 34. Ne8 f5 35. Kf2 Bd7 36. Nc7 Bc8 37. Nd5 Kf7 38. Ke2 Ke6 39. Nf4+ Kd6 40. Kd2 g6 41. Kc3 Kc5 42. b4+ Kd6 43. Kd4 Bb7 44. a3 Bc6 45. Nh3 Bd5 46. Ng5 Bg8 47. Nh3 Bc4 48. Ng5 h6 49. Nh3 Bf1 50. Nf4 g5 51. Nh5 Bxg2 52. Ng7 Bh3 53. Ne8+ Kd7 54. Nf6+ Ke6 55. Nd5 h5 56. Nc7+ Kd6 57. Nxa6 h4 58. gxh4 g4 0-1

[Event "RUS-chB U18"]
[Site "Dagomys"]
[Date "2009.04.22"]
[Round "8"]
[White "Gureev, Dmitry"]
[Black "Polonsky, Pavel"]
[Result "1/2-1/2"]
[WhiteElo "1875"]
[BlackElo "2109"]
[PlyCount "80"]
[EventDate "2009.04.15"]
[EventType "swiss"]
[EventRounds "9"]
[EventCountry "RUS"]
[SourceTitle "EXT 2010"]
[Source "ChessBase"]
[SourceDate "2010.11.25"]
[SourceVersion "1"]
[SourceVersionDate "2010.11.25"]
[SourceQuality "1"]

1. e4 c5 2. Nc3 Nc6 3. g3 g6 4. Bg2 Bg7 5. d3 Rb8 6. f4 b5 7. Nf3 e6 8. 0-0 Nge7 9. e5 d6 10. exd6 Qxd6 11. Be3 Nd4 12. Ne4 Nxf3+ 13. Bxf3 Qc7 14. Bxc5 0-0 15. Bxe7 Qxe7 16. c3 b4 17. Qc2 Ba6 18. Rfd1 Rfd8 19. d4 bxc3 20. bxc3 Rbc8 21. Nc5 Bc4 22. Qa4 Bd5 23. Bxd5 Rxd5 24. Rab1 Qd8 25. Re1 a5 26. Qb3 h5 27. Qb6 Qf6 28. Ne4 Qe7 29. Rb5 Rdd8 30. Qxa5 Ra8 31. Qb4 Qxb4 32. Rxb4 Rxa2 33. Reb1 Rd7 34. Rb8+ Kh7 35. Ng5+ Kh6 36. R8b7 Ra7 37. Rxd7 Rxd7 38. Kf2 Rc7 39. Ne4 Rxc3 40. Nxc3 Bxd4+ 1/2-1/2

[Event "RUS-chB U18"]
[Site "Dagomys"]
[Date "2009.04.21"]
[Round "7"]
[White "Vetryansky, Vladimir"]
[Black "Gureev, Dmitry"]
[Result "1/2-1/2"]
[WhiteElo "2193"]
[BlackElo "1875"]
[PlyCount "96"]
[EventDate "2009.04.15"]
[EventType "swiss"]
[EventRounds "9"]
[EventCountry "RUS"]
[SourceTitle "EXT 2010"]
[Source "ChessBase"]
[SourceDate "2010.11.25"]
[SourceVersion "1"]
[SourceVersionDate "2010.11.25"]
[SourceQuality "1"]

1. e4 g6 2. Nc3 Bg7 3. d4 c6 4. a4 d5 5. e5 Na6 6. Nge2 Nh6 7. Nf4 0-0 8. h4 f6 9. h5 fxe5 10. dxe5 g5 11. Nd3 e6 12. b4 Qb6 13. Bxg5 Nxb4 14. Qd2 Nf5 15. Nxb4 Qxb4 16. Rb1 Qc5 17. Bf4 Qd4 18. Ne2 Qxa4 19. g4 Ne7 20. Bg5 Qa5 21. Rb3 Qa1+ 22. Qc1 Qxc1+ 23. Nxc1 Re8 24. f4 b6 25. h6 Bh8 26. Bd3 Bd7 27. c3 c5 28. Ra3 a5 29. Rh5 Ng6 30. Bb1 Rf8 31. Ne2 b5 32. Ra1 Rf7 33. Nc1 a4 34. Nd3 Rc8 35. Ba2 c4 36. Nb4 Nxf4 37. Rh2 Bxe5 38. Kd2 Nd3 39. Re2 Nxb4 40. Rxe5 Rf2+ 41. Re2 Rxe2+ 42. Kxe2 Nxa2 43. Rxa2 Kf7 44. Bf4 Kf6 45. Bd6 Kg5 46. Ke3 Kxh6 47. Rf2 Kg6 48. g5 Kxg5 1/2-1/2

[Event "RUS-chB U18"]
[Site "Dagomys"]
[Date "2009.04.20"]
[Round "6"]
[White "Borisovsky, Viktor"]
[Black "Gureev, Dmitry"]
[Result "0-1"]
[WhiteElo "2064"]
[BlackElo "1875"]
[PlyCount "68"]
[EventDate "2009.04.15"]
[EventType "swiss"]
[EventRounds "9"]
[EventCountry "RUS"]
[SourceTitle "EXT 2010"]
[Source "ChessBase"]
[SourceDate "2010.11.25"]
[SourceVersion "1"]
[SourceVersionDate "2010.11.25"]
[SourceQuality "1"]

1. d4 d5 2. c4 c6 3. Nc3 Nf6 4. Nf3 dxc4 5. a4 Bg4 6. e3 e5 7. Bxc4 Bxf3 8. Qxf3 exd4 9. Ne4 Bb4+ 10. Ke2 dxe3 11. Bxe3 Nbd7 12. Rhd1 Qe7 13. Nxf6+ Nxf6 14. Kf1 0-0 15. Bg5 Rad8 16. Bd3 Rfe8 17. g4 h6 18. Bh4 Qe5 19. Kg2 Qxb2 20. Rab1 Qc3 21. Rb3 Qc5 22. Rb2 a5 23. Rc2 Qe5 24. Bg3 Qe7 25. h4 Nd5 26. g5 hxg5 27. hxg5 Qxg5 28. Rc4 Nf6 29. Rh1 g6 30. Kf1 Qd5 31. Qxd5 Rxd5 32. Bc2 Re1+ 33. Kg2 Rxh1 34. Kxh1 Rc5 0-1

[Event "RUS-chB U18"]
[Site "Dagomys"]
[Date "2009.04.16"]
[Round "2"]
[White "Kudrin, Oleg"]
[Black "Gureev, Dmitry"]
[Result "1-0"]
[WhiteElo "2033"]
[BlackElo "1875"]
[PlyCount "63"]
[EventDate "2009.04.15"]
[EventType "swiss"]
[EventRounds "9"]
[EventCountry "RUS"]
[SourceTitle "EXT 2010"]
[Source "ChessBase"]
[SourceDate "2010.11.25"]
[SourceVersion "1"]
[SourceVersionDate "2010.11.25"]
[SourceQuality "1"]

1. e4 c6 2. d4 d5 3. exd5 cxd5 4. Nf3 Nf6 5. c4 g6 6. Nc3 Bg7 7. Qb3 dxc4 8. Bxc4 0-0 9. Be3 Nc6 10. Bb5 Ng4 11. 0-0 Na5 12. Qa3 a6 13. Be2 Nxe3 14. fxe3 b5 15. Nd2 Bb7 16. b4 Nc4 17. Bxc4 bxc4 18. Nxc4 Rc8 19. Na5 Ba8 20. Rad1 e5 21. d5 Qb6 22. Na4 Qb5 23. Nc3 Qb6 24. Ne4 Rb8 25. Nc6 Bxc6 26. dxc6 Qxc6 27. Nc5 Rfc8 28. Rd7 f5 29. Rfd1 Rxb4 30. Qxb4 Qxc5 31. Qb7 Qf8 32. Rxg7+ 1-0